000 00536nam a2200181Ia 4500
008 100920s9999 xx 000 0 und d
082 _b25098
_a520 थ 72
100 _aखाडिलकर गो.वि.
245 _aऑलिम्पिक.
260 _bमनोरंजन प्रकाशन ,मुंबई 7.
_c1972
300 _a113
_bसाधी
365 _b5
520 _aशाअ.
630 _aऑलिम्पिक.
650 _aशाअ.
730 _aऑलिम्पिक.
942 _cBOOK
999 _c683128
_d683125